000 01335nam a2200193Ia 4500
999 _c35496
_d35496
001 1356
003 GE_BSU
005 20221129100452.0
008 181216s2010||||ge |||||||||||||| ||geo||
040 _cGE_BSU
245 _aფსიქოლოგიური გამოკვლევები /
_cსაქ. განათლებისა და მეცნიერების სამინისტრო. შოთა რუსთაველის სახელმწ. უნ-ტი. სოციალურ მეცნიერებათა, ბიზნესისა და სამართალმცოდნეობის ფაკულტეტი. სოციალურ მეცნიერებათა დეპარტამენტი ; რედაქტორები: ნოდარ ბარამიძე, გურამ ჩაგანავა.
264 _aბათუმი:
_bშოთა რუსთაველის სახელმწიფო,
_c2010.
300 _a129 გვ. ;
_b19 სმ.
541 _h5 ლ.
653 _aფსიქოლოგია
700 _aბარამიძე, ნოდარ
_eრედაქტორი
_916174
700 _aჩაგანავა, გურამ
_eრედაქტორი
_916175
942 _cBK
_2udc